[Event "Winnipeg Kent Oliver Memorial"]
[Site "Winnipeg"]
[Date "2003.01.??"]
[Round "1.7"]
[White "Katona, John"]
[Black "Hogeveen Rutter, Alexander"]
[Result "1-0"]
[WhiteElo "1787"]
[BlackElo "1509"]
[PlyCount "37"]
[EventDate "2003.01.18"]
[EventType "swiss"]
[EventRounds "5"]
[EventCountry "CAN"]
[SourceTitle "EXT 2004"]
[Source "ChessBase"]
[SourceDate "2003.11.25"]
[SourceVersion "1"]
[SourceVersionDate "2003.11.25"]
[SourceQuality "1"]

1. e4 c5 2. c3 d6 3. d4 cxd4 4. Bc4 dxc3 5. Nxc3 Nc6 6. Nf3 Bg4 7. Bxf7+ Kd7 8. Bd5 Rc8 9. Bxc6+ Rxc6 10. Ne5+ Kc7 11. Nd5+ Kb8 12. Nxg4 e6 13. Nc3 h5 14. Ne5 Be7 15. Nxc6+ bxc6 16. Be3 Nh6 17. Qd4 c5 18. Qa4 Ng4 19. 0-0-0 1-0